Statistiques concernant Citations baccalauréat de philosophie

Cliquez ici pour prendre le quiz!

Statistiques générales

  • Ce quiz a été pris 1 100 fois
  • Le résultat moyen est 8 sur 39

Statistiques - réponses

ThèmesPenseursCitations% Correct
PhilosophieRené DescartesJe {pense} donc je {suis}.
97%
TempsHorace{Carpe} diem.
71%
InconscientSocrateConnais-toi {toi}-{même}
69%
EtatThomas HobbesL'homme est un {loup} pour l'homme.
55%
TempsHéracliteOn ne se baigne jamais {deux} {fois} dans le même fleuve.
52%
ReligionKarl MarxLa religion est l'{opium} {du} {peuple}.
37%
ConscienceClaude Levi-StraussLe barbare, c'est d'abord l'homme qui croit à la {barbarie}.
36%
LangageAristoteL'homme est un {animal} {politique}.
36%
TempsEpicureLa {mort} n'est rien pour nous.
34%
LibertéJean-Paul SartreL'{existence} précède l'{essence}.
33%
ConscienceBlaise PascalL'homme n'est qu'un roseau, le plus faible de la nature, mais l'homme est un roseau {pensant}.
30%
TravailRené Descartes[...] et ainsi se rendre comme {maîtres} et possesseurs de la nature.
25%
JusticeSocrateNul n'est {méchant} volontairement.
23%
BonheurAlexis de TocquevilleL'Etat travaille volontiers à leur {bonheur}; mais il veut en être l’unique agent et le seul arbitre.
14%
PhilosophieEmmanuel Kant{Sapere} aude.
13%
ReligionBlaise PascalC'est le {cœur} qui sent Dieu et non la {raison}.
12%
ArtEmmanuel KantLe beau est ce qui plaît {universellement} {sans} {concept}.
12%
VéritéProtagorasL'homme est à la {mesure} de toute chose.
11%
TravailHenri BergsonSi nous pouvions nous dépouiller de tout orgueil, nous ne dirions peut-être pas Homo Sapiens, mais {Homo} {Faber}.
11%
ConscienceEdmund HusserlToute conscience est {conscience} {de} {quelque} {chose}.
11%
LangageHenri BergsonLes étiquettes du langage masquent la {réalité}.
10%
InconscientGottfried LeibnizIl y a à tout moment une infinité de {perceptions} en nous, mais sans aperception et sans réflexion.
9%
LibertéJean-Jacques RousseauLa liberté consiste moins à faire sa {volonté} qu'à n'être pas soumis à celle d'{autrui}.
9%
InconscientSigmund FreudLe rêve est la {voie} {royale} de l'inconscient.
8%
PhilosophieAristoteC'est l'{étonnement} qui poussa les premiers penseurs aux spéculations philosophiques.
7%
LangageJohn Stuart MillIl vaut mieux être un homme insatisfait qu'un {porc} {satisfait}.
6%
BonheurCalliclèsLa vie de plaisirs est celle où l'on verse et l'on reverse autant qu'on peut dans son {tonneau}.
6%
LibertéRené DescartesL'{indifférence} est le plus bas degré de liberté.
6%
ReligionFiodor DostoïevskiSi Dieu n'existe pas, {tout} {est} {permis}.
6%
BonheurSénèqueL'homme heureux est celui qui se contente de la {vertu}.
4%
ArtHenri BergsonCelui qui mettra le feu à toutes ces {conventions}, celui-là sera un {artiste}.
3%
EtatJean-Jacques RousseauC'est par la {force} {des} {lois} que l'on n'obéit pas aux hommes.
3%
TravailKarl MarxDans son travail, l'ouvrier ne déploie pas une libre énergie physique et intellectuelle, mais {mortifie} son corps et ruine son {esprit}.
2%
JusticeMichel FoucaultLa disparition des supplices, c'est donc le {spectacle} qui s'efface.
2%
VéritéJohn LockeL'esprit est une {table} {rase}.
2%
JusticeHenry ThoreauQue votre vie devienne un {contre}-{frottement} pour arrêter la machine.
2%
EtatAlain{Résistance} et {obéissance}, voilà les deux vertus du citoyen.
2%
ArtGeorg HegelEn tant que doué de conscience, l'homme doit se placer en face de qu'il est et en faire un {objet} {pour} {soi}.
1%
VéritéAlbert EinsteinLes {concepts} {physiques} sont des créations libres de l'esprit humain.
1%

Distribution des résultats

Percentile par nombre de réponses

% des personnes avec chaque résultat

Votre développement - résultats

Vous n’avez pas pris ce quiz